Fundamentals of differential equations
Αποθηκεύτηκε σε:
| Κύριος συγγραφέας: | |
|---|---|
| Άλλοι συγγραφείς: | , |
| Μορφή: | Βιβλίο |
| Γλώσσα: | English |
| Δημοσίευση: |
Reading, Mass. :
Addison-Wesley,
c1996
|
| Έκδοση: | 4th ed. |
| Θέματα: | |
| Ετικέτες: |
Προσθήκη ετικέτας
Δεν υπάρχουν, Καταχωρήστε ετικέτα πρώτοι!
|
MARC
| LEADER | 00000nam a2200000 i 4500 | ||
|---|---|---|---|
| 001 | 1/76278 | ||
| 008 | 990505s1996 eng d | ||
| 020 | |a 0-201-80875-7 | ||
| 035 | |l 10049560 | ||
| 040 | |a GR-MY-UA |b gre |e aacr | ||
| 041 | 0 | |a eng | |
| 082 | 0 | |a 515.35 | |
| 100 | 1 | |a Nagle, R.Kent. | |
| 245 | 1 | 0 | |a Fundamentals of differential equations / |c R. Kent Nagle & Edward B. Saff ; with contributions by A.D. Snider |
| 250 | |a 4th ed. | ||
| 260 | |a Reading, Mass. : |b Addison-Wesley, |c c1996 | ||
| 300 | |a xx, 657, 10, 28, 4 p.; |b ill. (some col.); |c 24 cm. | ||
| 500 | |a Includes bibliographical references and index | ||
| 650 | 0 | 0 | |a Differential equations. |
| 700 | 1 | |a Saff, E. B. |d 1944- | |
| 700 | 1 | |a Snider, Arthur David |d 1940- | |
| 852 | |a INST |b SAMOS |e 19990505 |h 515.35 NAG |p 005300012651 |q 005300012651 |t BK |y 0 | ||
| 901 | |a BIBL-1999-2 | ||
| 909 | |a Σ |b 064515 | ||
| 922 | |a 3ΕΛΗ |b 199903 |c ΚΠΣ |d GLORY | ||
| 950 | |a 116-1998-08-10 | ||